000 01683nam0a22002891 4500
001 rc\1083339
005 20260407030919.0
035 _a(NLR Aleph) 006331401
090 _a7549081
_c7549081
100 _a20041126d1984 |||y0rusy50 ca
101 0 _arus
102 _aRU
105 _aa |||||||||
200 1 _aИзмерители параметров формы радиосигналов и их поверка
_eУчеб. пособие для иностр. спец.
_f[Макаров Э.Ф., Белоусов Ю.М., Рахимов Г.Г. и др.]
_gПод ред. Р.В. Фельдмана
210 _aМ.
_cИзд-во стандартов
_d1984
215 _a96 с.
_cил.
_d21
300 _aАвт. указаны на обороте тит. л.
300 _aВ надзаг.: Всесоюз. ин-т повышения квалификации руководящих и инж.-техн. работников в обл. стандартизации качества продукции и метрологии
320 _aБиблиогр.: с. 93-94 (36 назв.)
701 1 _aМакаров
_bЭ.Ф.
_gЭдуард Федорович
702 1 _aФельдман
_bР.В.
_gРоман Всеволодович
_4340
712 0 2 _aВсесоюзный институт повышения квалификации руководящих и инженерно-технических работников в области стандартизации, качества продукции и метрологии
_3RU\NLR\AUTH\8810012857
_9523551
801 0 _aRU
_bNLR
_gpsbo
801 1 _aRU
_bELAR
_2rusmarc
852 _aNLR
_j85-6/1361
942 _cBOOK
980 _aNB